000 00821nam a22002417a 4500
005 20250507144046.0
008 250507b |||||||| |||| 00| 0 eng d
020 _a978-0-670-09407-3 (hbk)
037 _cTB
040 _aCRL
_cCRL
041 _2eng
_aeng
084 _aV2:51y7M65 R4
_qCRL
100 _aBhargav, Vanya Vaidehi
_9752459
245 _aBeing Hindu, being Indian:
_b Lala Lajpat Rai's ideas of nationhood
260 _aGurugram, India:
_bPenguin Random House,
_c2024.
300 _axliii, 748p.
365 _b 1299.00
_cINR
650 _aIndia History
650 _aHistory
650 _aRai, Lajpat
_9609149
942 _2CC
_cTB
_hV2:51y7M65 R4
_n0
999 _c1320335
_d1320335